01790nam a2200241 a 4500001001000000003000900010005001700019008004100036040003000077041000800107082001800115111016400133245015300297264010200450300003500552500002100587500007400608520061800682600007701300651004501377700003601422710009001458000017411DO-SdBNP20250307073709.0100324s1996 dr r 001 0 spa d aDO-SdBNPbspacBNPHUerda hspa 4a923.772932221 aSemana Internacional en Homenaje a Pedro Henríquez Ureña en el Cincuentenario de su Muerte 1946-1996d(1996 : 6-11 mayocSanto Domingo, Dominican Republic)10aPonencias de la semana internacional en homenaje a Pedro Henríquez Ureña en el cincuentenario de su muerte 1946-1996 /ceditor Jorge Tena Reyes. 1aSanto Domingo :bSecretaría de Estado de Educación, Bellas Artes y Cultos :bCorripio,c1996. axviii, 724 páginas ;c23 cm. aIncluye índice aIncluye referencias bibliográficas y notas al pie de las páginas. aUn homenaje bien merecido a Henríquez Ureña (1884-1946) sobre el 50 aniversario de su muerte. Henríquez Ureña comenzó, en un camino, el estudio de literatura latinoamericana como un campo que consiste en maestros principales y menores, períodos, y los géneros que cruzaron las fronteras de las literaturas inesperadas nacionales. Esta serie de papeles(periódicos) estudia su vida y trabajos. También incluye artículos por algunos de sus contemporáneos: Alfonso Reyes, José Vasconcelos, Amado Alonso, Anderson Imbert, y Juan Ramón Jiménez " - Manual de Estudios latinoamericanos, v. 58.10aHenríquez Ureña, Pedro,d1884-1946 xcongresos, conferencias, etc. 4aRepública DominicanaxVida intelectual1 aTena Reyes, Jorge,eeditor4ed.1 aRepública Dominicana.bSecretaría de Estado de Educación, Bellas Artes y Cultos